000 00356 a2200145 4500
001 166898
020 _a
040 _cMagnum
100 _aKaufman, Ana Maria
240 1 0 _aAlfabetizacao de criancas: construcao e intercambio
_lpor
245 1 0 _aAlfabetizacao de criancas: construcao e intercambio
362 0 _a1899
697 _aENSINO
942 _cBK
999 _c166898
_d166898